| 000 | 00525nam a2200157 4500 | ||
|---|---|---|---|
| 001 | 109311 | ||
| 003 | ES-MaACL | ||
| 007 | t| | ||
| 008 | 061121s1955 sp r ||||1| spa d | ||
| 100 | 1 |
_aMúgica, Luis Esteban. _984059 |
|
| 245 | 1 | 0 |
_aRehabilitación _b: Ejercicios correctores y masaje / _cLuis Esteban Múgica; prólogo de V. Sanchís Olmos. |
| 260 |
_aMadrid : _bPaz Montalvo, _c1955. |
||
| 300 |
_aVIII, 247 p. : _bil. ; _c24 cm. |
||
| 700 | 1 |
_aSanchís Olmos, Vicente. _9103018 |
|
| 852 |
_aES-MaACL _jC-9483 _bR.37158 |
||
| 999 |
_c109311 _d109311 |
||